00592nam a2200193 a 4500001001300000003000900013005001700022008004100039020001000080082001500090100001600105245008000121260004300201300000800244500003500252505007200287650002300359700001600382nice12345678IN_TiNIC20260116011540.0050524s1936 laha grp 000 0 eng  ac10000a275.4bRAM aRam, Rallia aProceedings of the Twenty Fourth Annual Meeting of the Punjab Christian Cou aLahorebPunjab Christian Councilc1936 a60p aincludes index and biblioraphy2 aConference Held at May 29th-31st, 1952, Vol.Xlil.No.4.Muslim World. aChristianity-India1 aRam, Rallia